Austropop-Musiker 3 - Statistiken

Allgemein
  • Dieses Quiz wurde 55 mal gespielt
  • Das Durchschnittsergebnis liegt bei 4 aus 20
Antwortstatistiken
Lieder Interpret % Korrekt
Zefix, Leicht kennt ma's hom, Wonn I Donn Hoam Kimm Chris Steger
45%
Für immer jung, Wie mei Herzschlag, Schnucki, ach Schnucki André Heller
38%
Heite grob ma Tote aus, Gitti, Tulln Voodoo Jürgens
38%
Wie a Kind, Heast as net, Und dann gehst Ina Regen
33%
Kränk di net, A Wunda, Es gibt soviel Trottln auf da Wöd Jazz Gitti
33%
Feiah fonga, Mocht jo nix, Da Wein Krautschädl
28%
Still Remember Yvonne, Slow Down, Only A Whisper Andy Baum
23%
Köpferl im Sand, Sie hab’n a Haus baut, Dschiribim dschiribam Arik Brauer
23%
Mein Anker, Rollercoaster, Hand in Hand Julian Le Play
23%
Alle Menschen San Ma Zwider, Ana was hacklt is allweu da Blede, Am Sunntog Kurt Sowinetz
20%
Puppe (du bist a moderne Hex’), Hallo Klaus (i wü nur zruck), Belmondo Nickerbocker (NIkolaus Kalita)
20%
Ganz Wien, Mulatschag, Lonely Drahdiwaberl
18%
Vo Mello bis ge Schoppornou, What Happened to the Edelweiß I Gave You Last Night, Vorreasso vorkouft as louft Holstuonarmusigbigbandclub
18%
Send Me Roses, If You Want My Love, Smile Mo (Günter Mokesch)
18%
Funka fliaga, Ritter Rüdiger, Des söll a Berg sei Bluatschink
15%
Geh no net furt, Ballade von ana hoatn Wochn (Leckts mi am Oasch), Andreas Sigi Maron
15%
Lady Bump, 1, 2, 3, 4 ... Fire!, Dance Bunny Honey Dance Penny McLean
10%
Glaubst i bin bled, I bin a Weh, Da Mensch is a Sau The Worried Men Skiffle Group
10%
Kumm hoit mi, Kinder dieser Welt, Brochene Flügel Gary Lux
8%
Love Machine, Back Home, World Of Today Supermax (Kurt Hauenstein)
8%
Keine übereinstimmenden Quizze gefunden
Verteilung der Resultate
Anzahl Personen mit jedem Resultat
Perzentil nach korrekt beantworteten Fragen
Ihre Resultats-Entwicklung
Sie haben dieses Quiz noch nicht gespielt